Jorn Utzon: drawings and buildings (Record no. 67110)

MARC details
000 -LEADER
fixed length control field 00263nam a22001097a 4500
005 - DATE AND TIME OF LATEST TRANSACTION
control field 20251015094917.0
008 - FIXED-LENGTH DATA ELEMENTS--GENERAL INFORMATION
fixed length control field 251015b |||||||| |||| 00| 0 eng d
040 ## - CATALOGING SOURCE
Transcribing agency PK-LaNCA
082 ## - DEWEY DECIMAL CLASSIFICATION NUMBER
Classification number 720.92
Item number JOR
245 ## - TITLE STATEMENT
Title Jorn Utzon: drawings and buildings
942 ## - ADDED ENTRY ELEMENTS (KOHA)
Koha item type Book
999 ## -
-- 67110
-- 67110
Holdings
Withdrawn status Weedout from Library Permanent Location Current Location Date acquired Full call number Barcode Price effective from Koha item type
    NATIONAL COLLEGE OF ARTS, RAWALPINDI CAMPUS - LIBRARY NATIONAL COLLEGE OF ARTS, RAWALPINDI CAMPUS - LIBRARY 15/10/2025 JOR 720.92 RP011469 RP011469 15/10/2025 Book